R̥k-sūkta-ratnākaraḥ. (Record no. 67831)

MARC details
000 -LEADER
fixed length control field 00705cam a22002531 4500
001 - CONTROL NUMBER
control field sa 66001465
003 - CONTROL NUMBER IDENTIFIER
control field DLC
005 - DATE AND TIME OF LATEST TRANSACTION
control field 20260227112222.0
008 - FIXED-LENGTH DATA ELEMENTS--GENERAL INFORMATION
fixed length control field 900208s1963 ii 000 0 sano
010 ## - LIBRARY OF CONGRESS CONTROL NUMBER
LC control number sa 66001465
035 ## - SYSTEM CONTROL NUMBER
System control number (OCoLC)21023287
040 ## - CATALOGING SOURCE
Original cataloging agency DLC
Transcribing agency WaU
Modifying agency DLC
041 0# - LANGUAGE CODE
Language code of text/sound track or separate title sanhin
042 ## - AUTHENTICATION CODE
Authentication code premarc
050 00 - LIBRARY OF CONGRESS CALL NUMBER
Classification number PK3012
Item number .A3
130 0# - MAIN ENTRY--UNIFORM TITLE
Uniform title Vedas.
Name of part/section of a work R̥gveda.
Form subheading Selections.
245 10 - TITLE STATEMENT
Title R̥k-sūkta-ratnākaraḥ.
260 ## - PUBLICATION, DISTRIBUTION, ETC.
Date of publication, distribution, etc. [1963]
300 ## - PHYSICAL DESCRIPTION
Extent vi, 61, 360 p.
Dimensions 19 cm.
500 ## - GENERAL NOTE
General note Hindi and Sanskrit; introductory material and explanations in Hindi.
700 0# - ADDED ENTRY--PERSONAL NAME
Personal name Sāyaṇa,
Dates associated with a name -1387.
700 1# - ADDED ENTRY--PERSONAL NAME
Personal name Peterson, Peter,
Dates associated with a name 1847-1899.
700 1# - ADDED ENTRY--PERSONAL NAME
Personal name Acharya, Ramkrishna,
Dates associated with a name 1921-

No items available.

Powered by Koha